MARC details
| 000 -LEADER |
| fixed length control field |
01337cam a2200373 i 4500 |
| 005 - DATE AND TIME OF LATEST TRANSACTION |
| control field |
20230516104249.0 |
| 008 - FIXED-LENGTH DATA ELEMENTS--GENERAL INFORMATION |
| fixed length control field |
151118s2016 nyua b 001 0 eng |
| 010 ## - LIBRARY OF CONGRESS CONTROL NUMBER |
| LC control number |
2015957828 |
| 020 ## - INTERNATIONAL STANDARD BOOK NUMBER |
| ISBN |
9781464154386 |
| 020 ## - INTERNATIONAL STANDARD BOOK NUMBER |
| ISBN |
1464154384 |
| 035 ## - SYSTEM CONTROL NUMBER |
| System control number |
(OCoLC)ocn936711467 |
| 040 ## - CATALOGING SOURCE |
| Original cataloging agency |
ZNC |
| Transcribing agency |
ZNC |
| Modifying agency |
DLC |
| 042 ## - AUTHENTICATION CODE |
| Authentication code |
lccopycat |
| 050 00 - LIBRARY OF CONGRESS CALL NUMBER |
| Classification number |
BF121 |
| Item number |
.M9353 2016 |
| 082 ## - DEWEY DECIMAL CLASSIFICATION NUMBER |
| Classification number |
150 |
| Item number |
MYE-E |
| 100 1# - MAIN ENTRY--AUTHOR |
| Author Name |
Myers, David G. |
| 245 10 - TITLE STATEMENT |
| Title |
Exploring psychology in modules / |
| Statement of responsibility, etc. |
David G. Myers, Hope College, Holland, Michigan , C. Nathan DeWall, University of Kentucky, Lexington, Kentucky. |
| 250 ## - EDITION STATEMENT |
| Edition statement |
Tenth edition. |
| 260 ## - PUBLICATION, DISTRIBUTION, ETC. |
| Place of Publication |
USA |
| Name of publisher, distributor, etc. |
Worth Publishers |
| Date of publication, distribution, etc. |
2016 |
| 300 ## - PHYSICAL DESCRIPTION |
| Pages |
1 volume (various pagings) : |
| 336 ## - CONTENT TYPE |
| Content type term |
text |
| Content type code |
txt |
| Source |
rdacontent |
| 337 ## - MEDIA TYPE |
| Media type term |
unmediated |
| Media type code |
n |
| Source |
rdamedia |
| 338 ## - CARRIER TYPE |
| Carrier type term |
volume |
| Carrier type code |
nc |
| Source |
rdacarrier |
| 500 ## - GENERAL NOTE |
| General note |
Includes Index |
| 504 ## - BIBLIOGRAPHY, ETC. NOTE |
| Bibliography, etc. note |
Includes bibliographical references and indexes. |
| 650 #0 - SUBJECT ADDED ENTRY--TOPICAL TERM |
| Subject / Department |
Psychology. |
| 650 #7 - SUBJECT ADDED ENTRY--TOPICAL TERM |
| Subject / Department |
Psychology. |
| Source of heading or term |
fast |
| Authority record control number or standard number |
(OCoLC)fst01081447 |
| 700 1# - ADDED ENTRY--PERSONAL NAME |
| Personal name |
DeWall, C. Nathan, |
| Dates associated with a name |
1954- |
| 264 #1 - PRODUCTION, PUBLICATION, DISTRIBUTION, MANUFACTURE, AND COPYRIGHT NOTICE |
| Place of production, publication, distribution, manufacture |
New York, NY : |
| Name of producer, publisher, distributor, manufacturer |
Worth Publishers, |
| Date of production, publication, distribution, manufacture, or copyright notice |
[2016] |
| 300 ## - PHYSICAL DESCRIPTION |
| -- |
color illustrations ; |
| -- |
27 cm |
| 906 ## - LOCAL DATA ELEMENT F, LDF (RLIN) |
| a |
7 |
| b |
cbc |
| c |
copycat |
| d |
3 |
| e |
ncip |
| f |
20 |
| g |
y-gencatlg |
| 952 ## - LOCATION AND ITEM INFORMATION (KOHA) |
| -- |
0 |
| -- |
0 |
| 952 ## - LOCATION AND ITEM INFORMATION (KOHA) |
| -- |
0 |
| -- |
0 |